000 00318nam a22001217a 4500
020 _a0-444-87089-X
082 _a539.7 EIS'N
100 _aEISENBERZ, JUDAH M
_967882
245 _aNUCLEAR MODELS , COLLECTIVE AND SINGLE - PARTICAL PHENOMENA
260 _aNEWYORK
_bNORTH HOLLAND
_c1987
300 _a917P
942 _cBK
999 _c575573
_d575573